[Event "Kent Oliver mem"]
[Site "Winnipeg CAN"]
[Date "2003.01.19"]
[Round "5"]
[White "Khedkar, Jay"]
[Black "Tang, Edward"]
[Result "1-0"]
[WhiteElo "1898"]
[BlackElo "1903"]
[PlyCount "135"]
[EventDate "2003.01.18"]
[EventType "swiss"]
[EventRounds "5"]
[EventCountry "CAN"]

1. e4 c5 2. Nf3 d6 3. d4 cxd4 4. Nxd4 Nf6 5. Nc3 g6 6. Be3 Bg7 7. f3 Nc6 8. Bc4
O-O 9. Qd2 Bd7 10. O-O-O Ne5 11. Be2 Qa5 12. Kb1 Rfc8 13. h4 Nc4 14. Bxc4 Rxc4
15. Nde2 Rac8 16. Bd4 b5 17. Bxf6 Bxf6 18. Nd5 Qxd2 19. Nxf6+ Kg7 20. Nh5+ Kh6
21. Rxd2 Kxh5 22. Nf4+ Kh6 23. Nd5 Re8 24. g4 Be6 25. g5+ Kg7 26. Ne3 Rc5 27.
f4 f5 28. exf5 Bxf5 29. b4 Rc3 30. Re1 a6 31. Kb2 Rcc8 32. h5 Be4 33. Rd4 Bc6
34. f5 gxh5 35. f6+ exf6 36. Nf5+ Kg6 37. Ne7+ Kf7 38. gxf6 Rcd8 39. Nxc6 Rxe1
40. Nxd8+ Kxf6 41. Rxd6+ Kg5 42. Nf7+ Kg4 43. Rd4+ Kg3 44. Ng5 Re5 45. Ne4+
Rxe4 46. Rxe4 h4 47. Re7 h5 48. Rg7+ Kf4 49. a4 h3 50. Rg1 h2 51. Rd1 Kg3 52.
c4 bxc4 53. b5 axb5 54. axb5 h4 55. b6 Kg2 56. b7 h1=Q 57. Rxh1 Kxh1 58. b8=Q
h3 59. Qb7+ Kg1 60. Qb6+ Kg2 61. Qc6+ Kg1 62. Qc5+ Kg2 63. Qd5+ Kg1 64. Qd4+
Kg2 65. Qe4+ Kh2 66. Qf4+ Kg2 67. Qg4+ Kh2 68. Kc3 1-0

[Event "Kent Oliver mem"]
[Site "Winnipeg CAN"]
[Date "2003.01.19"]
[Round "5"]
[White "Pottinger, Carl"]
[Black "Bays, Derek"]
[Result "1/2-1/2"]
[WhiteElo "1545"]
[BlackElo "1521"]
[PlyCount "79"]
[EventDate "2003.01.18"]
[EventType "swiss"]
[EventRounds "5"]
[EventCountry "CAN"]
[Source "ChessBase"]
[SourceDate "2003.11.25"]

1. d4 Nf6 2. c4 e6 3. Nc3 Bb4 4. e3 b6 5. Bd3 Bb7 6. Nf3 c5 7. O-O d5 8. a3
cxd4 9. exd4 Bxc3 10. bxc3 dxc4 11. Bxc4 O-O 12. Bg5 Nbd7 13. Bb5 Qc7 14. Rc1
Rad8 15. Bxd7 Rxd7 16. Ne5 Rd5 17. Bxf6 gxf6 18. Ng4 Rg5 19. f3 Kh8 20. Nxf6
Qf4 21. Ne4 Rh5 22. g3 Rg8 23. Qe1 Qh6 24. Rc2 Bxe4 25. fxe4 Rxg3+ 26. hxg3
Rh1+ 27. Kf2 Rh2+ 28. Kf3 Rxc2 29. Rf2 Rc1 30. Qe2 Rxc3+ 31. Kg2 Rxa3 32. Rxf7
Rxg3+ 33. Kxg3 Qg6+ 34. Kf4 Qxf7+ 35. Ke5 a5 36. Qb2 Qc7+ 37. Kxe6 Kg7 38. Qg2+
Kf8 39. Qf3+ Kg8 40. d5 1/2-1/2

[Event "Kent Oliver mem"]
[Site "Winnipeg CAN"]
[Date "2003.01.19"]
[Round "5"]
[White "Rutter, Blair"]
[Black "Kaptsan, Aron"]
[Result "0-1"]
[WhiteElo "1697"]
[BlackElo "2049"]
[PlyCount "78"]
[EventDate "2003.01.18"]
[EventType "swiss"]
[EventRounds "5"]
[EventCountry "CAN"]
[Source "ChessBase"]
[SourceDate "2003.11.25"]

1. d4 Nf6 2. c4 e6 3. a3 c5 4. Nf3 cxd4 5. Nxd4 d5 6. e3 Nc6 7. Nc3 Be7 8. Be2
O-O 9. O-O e5 10. Nxc6 bxc6 11. b4 a5 12. b5 d4 13. exd4 exd4 14. Na4 c5 15.
Qc2 Bd6 16. Bf3 Ra7 17. b6 Ra6 18. b7 Be6 19. Rb1 Qc7 20. h3 Rb8 21. Bg5 Nd7
22. Rfe1 Ne5 23. Rxe5 Bxe5 24. Be4 h6 25. Bd2 Bd7 26. h4 Bd6 27. g3 Bc6 28. Bf4
Bxf4 29. Bh7+ Kh8 30. Nxc5 Rb6 31. gxf4 Rxb1+ 32. Qxb1 g6 33. Na6 Rxb7 34. Qd3
Qxf4 35. Bxg6 fxg6 36. Nc5 Qc1+ 37. Kh2 Qh1+ 38. Kg3 Qg2+ 39. Kf4 Qxf2+ 0-1

[Event "Kent Oliver mem"]
[Site "Winnipeg CAN"]
[Date "2003.01.19"]
[Round "5"]
[White "Tetrault, Charles"]
[Black "Reimer, Bruce"]
[Result "1-0"]
[WhiteElo "1585"]
[BlackElo "1340"]
[PlyCount "49"]
[EventDate "2003.01.18"]
[EventType "swiss"]
[EventRounds "5"]
[EventCountry "CAN"]
[Source "ChessBase"]
[SourceDate "2003.11.25"]

1. e4 d6 2. d4 Nf6 3. Nc3 g6 4. Be3 Bg7 5. Nf3 O-O 6. Bd3 Bg4 7. h3 Bxf3 8.
Qxf3 e5 9. d5 c6 10. O-O-O cxd5 11. Nxd5 Nxd5 12. exd5 Nd7 13. g4 a5 14. h4 Bf6
15. g5 Bg7 16. h5 b6 17. hxg6 fxg6 18. Qh3 Rf7 19. Qxh7+ Kf8 20. Bxg6 Ke7 21.
Bxf7 Kxf7 22. g6+ Kf8 23. Bh6 Bxh6+ 24. Qxh6+ Ke7 25. Qg7+ 1-0

[Event "Kent Oliver mem"]
[Site "Winnipeg CAN"]
[Date "2003.01.19"]
[Round "5"]
[White "Zhang, Guannan"]
[Black "Barkman, Daniel"]
[Result "1-0"]
[WhiteElo "1339"]
[BlackElo "1647"]
[PlyCount "99"]
[EventDate "2003.01.18"]
[EventType "swiss"]
[EventRounds "5"]
[EventCountry "CAN"]
[Source "ChessBase"]
[SourceDate "2003.11.25"]

1. e4 e6 2. Nf3 d5 3. exd5 exd5 4. d4 Bd6 5. c4 Nf6 6. c5 Be7 7. Be3 Nc6 8. Bb5
O-O 9. Bxc6 bxc6 10. Nbd2 Ba6 11. Ne5 Qe8 12. Qa4 Bb5 13. Qa5 Bxc5 14. Nxc6
Qxc6 15. dxc5 Rfe8 16. O-O-O Ne4 17. Nxe4 Rxe4 18. b3 Rae8 19. Kb2 Qb7 20. c6
Qxc6 21. Rc1 Qf6+ 22. Ka3 R8e6 23. Qc3 Qxc3 24. Rxc3 d4 25. Rc5 dxe3 26. Rxb5
e2 27. Re1 g6 28. Kb2 Kg7 29. Kc3 Rd6 30. Kc2 Rc6+ 31. Kd3 Re7 32. Rd5 Rd6 33.
Rxd6 cxd6 34. Rxe2 Rxe2 35. Kxe2 Kf6 36. f4 Ke6 37. Ke3 Kd5 38. Kd3 Kc5 39. a3
a5 40. g4 f5 41. gxf5 gxf5 42. h4 d5 43. h5 h6 44. b4+ axb4 45. axb4+ Kb5 46.
Kd4 Kxb4 47. Kxd5 Kb5 48. Ke5 Kc5 49. Kxf5 Kd6 50. Kg6 1-0

[Event "Khalif"]
[Site "Charlesbourg CAN"]
[Date "2003.02.10"]
[Round "1"]
[White "Michaud, Jacques"]
[Black "Plante, Rejean"]
[Result "1/2-1/2"]
[WhiteElo "1575"]
[BlackElo "2164"]
[PlyCount "111"]
[EventDate "2003.02.10"]
[EventType "swiss"]
[EventRounds "5"]
[EventCountry "CAN"]

1. d4 Nf6 2. c4 d6 3. Nc3 g6 4. e4 Bg7 5. f3 O-O 6. Bg5 Nc6 7. Qd2 e5 8. d5 Ne7
9. g4 Ne8 10. h4 f6 11. Be3 f5 12. gxf5 gxf5 13. O-O-O f4 14. Bf2 Kh8 15. h5
Ng8 16. Bh4 Bf6 17. Bxf6+ Qxf6 18. h6 Ne7 19. Nh3 Rg8 20. Nf2 Rg6 21. Bh3 Rxh6
22. Bxc8 Rxh1 23. Rxh1 Rxc8 24. Ng4 Qg7 25. Rh6 Ng6 26. Qh2 c6 27. Qh3 Rc7 28.
b3 b5 29. dxc6 bxc4 30. b4 Rxc6 31. Nd5 a6 32. Rxg6 Qxg6 33. Ne7 Qe6 34. Nxc6
c3 35. Qh6 Qxa2 36. Qf8+ Qg8 37. Qxg8+ Kxg8 38. Ne7+ Kf7 39. Nd5 h5 40. Nh6+
Ke6 41. Nf5 Nf6 42. Nc7+ Kd7 43. Nxa6 d5 44. Nc5+ Kc6 45. Ne7+ Kd6 46. Nf5+ Kc7
47. exd5 Nxd5 48. b5 Ne3 49. Nh4 Kb6 50. Nd7+ Kxb5 51. Nxe5 Nd5 52. Kc2 Kc5 53.
Nhg6 Kd4 54. Nd3 Ne3+ 55. Kc1 Ng2 56. Ndxf4 1/2-1/2

[Event "Khalif"]
[Site "Charlesbourg CAN"]
[Date "2003.02.24"]
[Round "3"]
[White "Glode, Martin"]
[Black "Lessard, Claude"]
[Result "0-1"]
[WhiteElo "1893"]
[BlackElo "2018"]
[PlyCount "74"]
[EventDate "2003.02.10"]
[EventType "swiss"]
[EventRounds "5"]
[EventCountry "CAN"]

1. e4 b6 2. d4 Bb7 3. Bd3 e6 4. Nf3 g6 5. Bg5 f6 6. Be3 Bg7 7. Nc3 Ne7 8. Qd2
O-O 9. Bh6 c5 10. h4 d5 11. Bxg7 Kxg7 12. e5 fxe5 13. Nxe5 Nbc6 14. h5 cxd4 15.
Nxc6 Nxc6 16. Ne2 Qf6 17. Ng3 Qe5+ 18. Ne2 g5 19. Rh3 h6 20. Rg3 Kh8 21. Bb5
Rf4 22. O-O-O Rxf2 23. Rf3 Rxf3 24. gxf3 Qe3 25. Bxc6 Qxd2+ 26. Rxd2 Bxc6 27.
Nxd4 Bd7 28. Re2 Re8 29. Re5 Kg7 30. Kd2 Kf6 31. Re3 e5 32. Ne2 e4 33. Nd4 Ke5
34. c3 a6 35. Ne2 Rf8 36. Nd4 b5 37. fxe4 Rf2+ 0-1

[Event "Khalif"]
[Site "Charlesbourg CAN"]
[Date "2003.02.24"]
[Round "3"]
[White "Sauve, Richard"]
[Black "Poliquin, Yvon"]
[Result "1-0"]
[WhiteElo "2052"]
[BlackElo "1866"]
[PlyCount "75"]
[EventDate "2003.02.10"]
[EventType "swiss"]
[EventRounds "5"]
[EventCountry "CAN"]

1. d4 d5 2. c4 e6 3. Nc3 c5 4. cxd5 cxd4 5. Qxd4 Nc6 6. Qd1 exd5 7. Qxd5 Bd7 8.
Bg5 Nf6 9. Qd2 Qa5 10. Bxf6 gxf6 11. O-O-O O-O-O 12. Qd5 Qb6 13. Qxf7 Qxf2 14.
Nf3 Bh6+ 15. Kb1 Bf5+ 16. Ka1 Rxd1+ 17. Nxd1 Qc5 18. Nc3 Qe3 19. a3 Rd8 20. g4
Be6 21. Qxh7 Na5 22. Qc2 Kb8 23. Bh3 Nb3+ 24. Kb1 Nd4 25. Qe4 Qxe4+ 26. Nxe4
Nxe2 27. Re1 Nf4 28. Bf1 Nd3 29. Rd1 Ba2+ 30. Kxa2 Nb4+ 31. axb4 Rxd1 32. Be2
Rd7 33. Nxf6 Re7 34. Ng8 Rxe2 35. Nxh6 Rg2 36. g5 Kc7 37. Nf5 Kd8 38. h4 1-0

[Event "Khalif"]
[Site "Charlesbourg CAN"]
[Date "2003.03.10"]
[Round "5"]
[White "Boissinot, Claude"]
[Black "Chevalier, Philippe"]
[Result "0-1"]
[WhiteElo "1658"]
[BlackElo "1334"]
[PlyCount "66"]
[EventDate "2003.02.10"]
[EventType "swiss"]
[EventRounds "5"]
[EventCountry "CAN"]

1. e4 e5 2. Nf3 Nc6 3. Bc4 Bc5 4. b4 Bxb4 5. c3 Ba5 6. O-O d6 7. h3 Bd7 8. d4
h6 9. dxe5 dxe5 10. Ba3 Qf6 11. Qc2 Nge7 12. Nbd2 O-O-O 13. Rab1 Bb6 14. Nb3
Bxh3 15. Be2 Bxg2 16. Kxg2 Qg6+ 17. Kh1 Ng8 18. Bc5 Nf6 19. Bxb6 Nxe4 20. Qb2
axb6 21. Nfd2 f5 22. a4 Rd7 23. a5 Rhd8 24. a6 Rxd2 25. axb7+ Kxb7 26. Ba6+
Kxa6 27. Ra1+ Na5 28. Rxa5+ bxa5 29. Qa3 Nxf2+ 30. Rxf2 Rxf2 31. Qxa5+ Kb7 32.
Nc5+ Kb8 33. Na6+ Qxa6 0-1

[Event "Kingston CC-ch"]
[Site "Kingston CAN"]
[Date "2003.04.17"]
[Round "6"]
[White "Dixon, Frank"]
[Black "Profit, Brian"]
[Result "0-1"]
[WhiteElo "1955"]
[BlackElo "2002"]
[PlyCount "61"]
[EventDate "2003.03.13"]
[EventType "tourn"]
[EventRounds "10"]
[EventCountry "CAN"]

1. e4 e6 2. d4 d5 3. Nc3 Bb4 4. e5 c5 5. a3 Bxc3+ 6. bxc3 Qc7 7. Nf3 b6 8. Bb5+
Bd7 9. Bd3 Ba4 10. O-O Nc6 11. Ng5 h6 12. Qh5 g6 13. Qh3 c4 14. Be2 Bxc2 15. a4
Nge7 16. Ba3 Kf8 17. Nxe6+ fxe6 18. Qxe6 Ke8 19. Bd6 Qd7 20. Qf6 Rf8 21. Qg7
Qe6 22. Qxh6 Kd7 23. Qd2 Bf5 24. Rad1 Na5 25. Qb2 Nb3 26. Qa3 Rf7 27. Rfe1 Kc8
28. Bf3 Bg4 29. Bxg4 Qxg4 30. Bxe7 Rh7 31. Qd6 0-1

[Event "Kingston CC-ch"]
[Site "Kingston CAN"]
[Date "2003.05.01"]
[Round "8"]
[White "Sibbald, Peter"]
[Black "Dixon, Frank"]
[Result "0-1"]
[WhiteElo "1964"]
[BlackElo "1955"]
[PlyCount "66"]
[EventDate "2003.03.13"]
[EventType "tourn"]
[EventRounds "10"]
[EventCountry "CAN"]
[Source "CFC"]
[SourceDate "2003.08.??"]

1. g4 d5 2. h3 h5 3. g5 g6 4. Bg2 Bg7 5. d4 Bf5 6. Nc3 c6 7. Nf3 Qc7 8. Nh4 Bc8
9. Qd3 e6 10. Bd2 Ne7 11. Qe3 O-O 12. O-O-O a5 13. Na4 b5 14. Nc5 Na6 15. Nd3
b4 16. Ne5 c5 17. f4 cxd4 18. Qxd4 Nc6 19. Qe3 Nxe5 20. fxe5 Bxe5 21. Rhf1 Bd7
22. Rf6 Rac8 23. c3 bxc3 24. bxc3 Bxc3 25. Bxc3 Qxc3+ 26. Qxc3 Rxc3+ 27. Kb2
Rc4 28. e4 Rb8+ 29. Ka1 Be8 30. Nxg6 Rc2 31. Bf1 Nc5 32. exd5 Ne4 33. Nf4 Nc3
0-1

[Event "Kingston CC-ch"]
[Site "Kingston CAN"]
[Date "2003.05.08"]
[Round "9"]
[White "Profit, Brian"]
[Black "Coppin, Wayne"]
[Result "0-1"]
[WhiteElo "2002"]
[BlackElo "2076"]
[PlyCount "38"]
[EventDate "2003.03.13"]
[EventType "tourn"]
[EventRounds "10"]
[EventCountry "CAN"]

1. d4 c5 2. d5 f5 3. c4 g6 4. Nc3 Nf6 5. g3 d6 6. Bg2 Bg7 7. Nh3 Na6 8. O-O O-O
9. Re1 Rb8 10. Nb5 Bd7 11. a4 Nb4 12. Nxa7 Ne4 13. Nb5 Qa5 14. f3 Nc2 15. Qxc2
Qxe1+ 16. Bf1 Nxg3 17. hxg3 Qxg3+ 18. Bg2 f4 19. Nxf4 Qe1+ 0-1

[Event "Kingston op"]
[Site "Kingston CAN"]
[Date "2003.02.02"]
[Round "5"]
[White "Hum, Peter"]
[Black "Predescu, Sebastian"]
[Result "1/2-1/2"]
[WhiteElo "2234"]
[BlackElo "2220"]
[PlyCount "56"]
[EventDate "2003.02.01"]
[EventType "swiss"]
[EventRounds "5"]
[EventCountry "CAN"]
[Source "CFC"]
[SourceDate "2003.06.??"]

1. d4 Nf6 2. c4 g6 3. Nc3 Bg7 4. e4 d6 5. f3 O-O 6. Nge2 e5 7. Bg5 c6 8. Qd2
Re8 9. O-O-O Nbd7 10. d5 c5 11. g4 a6 12. Ng3 Nf8 13. h4 Bd7 14. Bd3 Qa5 15. h5
b5 16. Rdg1 b4 17. Nb1 Qxa2 18. Nf5 Bxf5 19. gxf5 Qa4 20. hxg6 fxg6 21. Qf2 Qd7
22. Bf1 Qf7 23. Bh3 a5 24. fxg6 hxg6 25. Qh4 a4 26. Rh2 Nh5 27. Bg4 Nf4 28.
Rgh1 a3 1/2-1/2

[Event "Kitchener Futurity"]
[Site "Kitchener CAN"]
[Date "2003.07.25"]
[Round "1"]
[White "Garcia, Alvaro"]
[Black "Stevens, Christian"]
[Result "1/2-1/2"]
[WhiteElo "2125"]
[BlackElo "2219"]
[PlyCount "118"]
[EventDate "2003.07.25"]
[EventType "schev"]
[EventRounds "10"]
[EventCountry "CAN"]
[Source "Mark Crowther"]
[SourceDate "2003.07.28"]

1. d4 d5 2. Nf3 Nf6 3. c4 e6 4. Bg5 Be7 5. e3 h6 6. Bh4 O-O 7. Nc3 Ne4 8. Bxe7
Qxe7 9. Nxe4 dxe4 10. Nd2 f5 11. c5 e5 12. Bc4+ Kh8 13. O-O exd4 14. exd4 Rd8
15. Nb3 Nc6 16. Qd2 Be6 17. Qc3 Qf7 18. Bxe6 Qxe6 19. Qg3 Qf7 20. Rad1 f4 21.
Qh4 Rd5 22. Rfe1 Re8 23. g3 Rf5 24. Re2 e3 25. g4 f3 26. Rxe3 Rxe3 27. gxf5 Re2
28. Qf4 Qh5 29. d5 Ne7 30. Nd4 Nxd5 31. Qxf3 Qxf3 32. Nxf3 Nf4 33. Rd8+ Kh7 34.
Rd2 Rxd2 35. Nxd2 Nd3 36. c6 bxc6 37. Nc4 Nc1 38. a3 Ne2+ 39. Kg2 Nd4 40. Ne3
Kg8 41. Kg3 Kf7 42. Kf4 h5 43. Ke4 Nb3 44. Ke5 Nc5 45. Kd4 Nd7 46. b4 Kf6 47.
Ke4 Ne5 48. h3 Nf7 49. h4 Nd6+ 50. Kf4 Nb7 51. Nc4 c5 52. b5 Nd6 53. Na5 Nxb5
54. a4 Nc3 55. Nb7 Kf7 56. Nxc5 Kf6 57. Nd7+ Ke7 58. Nc5 Kf6 59. Nd7+ Ke7
1/2-1/2

[Event "Kitchener Futurity"]
[Site "Kitchener CAN"]
[Date "2003.07.26"]
[Round "2"]
[White "Stevens, Christian"]
[Black "Day, Lawrence"]
[Result "1-0"]
[WhiteElo "2219"]
[BlackElo "2294"]
[PlyCount "49"]
[EventDate "2003.07.25"]
[EventType "schev"]
[EventRounds "10"]
[EventCountry "CAN"]
[Source "Mark Crowther"]
[SourceDate "2003.07.28"]

1. c4 Nf6 2. Nc3 e5 3. Nf3 d6 4. d4 Nbd7 5. e4 Be7 6. Be2 c6 7. O-O O-O 8. d5
c5 9. Ne1 Ne8 10. g3 g6 11. Nd3 Ng7 12. f4 Bf6 13. f5 Nb6 14. Nf2 gxf5 15. exf5
Nxf5 16. Ng4 Bg7 17. Bd3 Nd4 18. Nf6+ Bxf6 19. Qh5 Re8 20. Qxh7+ Kf8 21. Bh6+
Ke7 22. Rxf6 Kd7 23. Rxf7+ Re7 24. Raf1 Kc7 25. Rxe7+ 1-0

[Event "Kitchener Futurity"]
[Site "Kitchener CAN"]
[Date "2003.07.26"]
[Round "3"]
[White "Garcia, Alvaro"]
[Black "Predescu, Sebastian"]
[Result "1/2-1/2"]
[WhiteElo "2125"]
[BlackElo "2161"]
[PlyCount "155"]
[EventDate "2003.07.25"]
[EventType "schev"]
[EventRounds "10"]
[EventCountry "CAN"]
[Source "Mark Crowther"]
[SourceDate "2003.07.28"]

1. d4 Nf6 2. c4 g6 3. Nc3 Bg7 4. e4 d6 5. Nge2 O-O 6. Ng3 e5 7. d5 c6 8. Be2 a6
9. h4 b5 10. cxb5 axb5 11. dxc6 Nxc6 12. Nxb5 d5 13. exd5 Nxd5 14. Bg5 f6 15.
Bd2 Be6 16. h5 Nf4 17. hxg6 hxg6 18. Qc2 Ne7 19. Bxf4 exf4 20. Bc4 Bxc4 21.
Qxc4+ Qd5 22. Qxd5+ Nxd5 23. Ne2 Nb4 24. O-O Nxa2 25. Nxf4 Rfb8 26. Nc3 Rxb2
27. Nxg6 Kf7 28. Nf4 f5 29. Rxa2 Raxa2 30. Nxa2 Rxa2 31. Rd1 Be5 32. Nd5 Ke6
33. g3 Ra4 34. Kg2 Rd4 35. Nf4+ Kf6 36. Rxd4 Bxd4 37. Kf3 Ba7 38. Nd3 Bb6 39.
Nb2 Ba7 40. Nc4 Bb8 41. Nb6 Ba7 42. Nd5+ Ke6 43. Nf4+ Kf6 44. Ke2 Bc5 45. f3
Ba7 46. Nh3 Bb8 47. f4 Ba7 48. Ng5 Bb6 49. Nf3 Ba7 50. Ne5 Ke6 51. Nd3 Bb6 52.
Ne1 Ba7 53. Nc2 Bc5 54. Kf3 Kf6 55. Ne1 Ke6 56. Nd3 Bd4 57. g4 fxg4+ 58. Kxg4
Kf6 59. Nb4 Bb2 60. Nd5+ Kf7 61. Kf3 Ke6 62. Ke4 Kf7 63. Nb6 Bc1 64. f5 Bb2 65.
Na4 Ba1 66. Nc5 Bb2 67. Nd3 Ba1 68. Kf4 Bc3 69. Nf2 Ba1 70. Kg5 Bb2 71. Kf4 Ba1
72. Nd3 Bc3 73. Ke4 Ba1 74. Nf4 Bb2 75. Nh3 Kf6 76. Nf2 Kf7 77. Nd3 Ba1 78. Kf4
1/2-1/2

[Event "Kitchener Futurity"]
[Site "Kitchener CAN"]
[Date "2003.07.27"]
[Round "4"]
[White "Predescu, Sebastian"]
[Black "Day, Lawrence"]
[Result "1/2-1/2"]
[WhiteElo "2161"]
[BlackElo "2294"]
[PlyCount "50"]
[EventDate "2003.07.25"]
[EventType "schev"]
[EventRounds "10"]
[EventCountry "CAN"]
[Source "Mark Crowther"]
[SourceDate "2003.07.28"]

1. e4 e5 2. Nf3 Nc6 3. d4 exd4 4. Nxd4 Nf6 5. Nc3 Bb4 6. Nxc6 bxc6 7. Bd3 d5 8.
exd5 cxd5 9. O-O O-O 10. Bg5 c6 11. Qf3 Be7 12. h3 h6 13. Bf4 Be6 14. Rad1 Nd7
15. Na4 Bf6 16. Rfe1 Nb6 17. Nc5 Bxb2 18. Nxe6 fxe6 19. Rxe6 Qh4 20. g3 Qxh3
21. Qe2 Na4 22. Re1 Bd4 23. Rxc6 Rxf4 24. gxf4 Qg3+ 25. Kf1 Qh3+ 1/2-1/2

[Event "Kitchener Futurity"]
[Site "Kitchener CAN"]
[Date "2003.07.28"]
[Round "5"]
[White "Hutters, Tomas"]
[Black "Predescu, Sebastian"]
[Result "1-0"]
[WhiteElo "2400"]
[BlackElo "2161"]
[PlyCount "65"]
[EventDate "2003.07.25"]
[EventType "schev"]
[EventRounds "10"]
[EventCountry "CAN"]

1. d4 Nf6 2. Nf3 g6 3. c4 Bg7 4. Nc3 O-O 5. e4 d6 6. h3 e5 7. d5 Nh5 8. Nh2 a5
9. g3 Na6 10. Be2 Nf6 11. g4 Nc5 12. Qc2 Ne8 13. Be3 f5 14. gxf5 gxf5 15. O-O-O
Nxe4 16. Nxe4 fxe4 17. Rdg1 Bf5 18. Bg4 Qd7 19. Bxf5 Rxf5 20. Nf1 c6 21. dxc6
bxc6 22. Ng3 d5 23. Nxf5 Qxf5 24. Rg5 Qf7 25. Rhg1 Kh8 26. cxd5 cxd5 27. Qc6
Rd8 28. Kb1 Qd7 29. Rxg7 Nxg7 30. Qf6 Re8 31. Bh6 Rg8 32. Bxg7+ Rxg7 33. Qf8+
1-0

[Event "Kitchener Futurity"]
[Site "Kitchener CAN"]
[Date "2003.07.31"]
[Round "8"]
[White "Predescu, Sebastian"]
[Black "Garcia, Alvaro"]
[Result "1/2-1/2"]
[WhiteElo "2161"]
[BlackElo "2253"]
[PlyCount "107"]
[EventDate "2003.07.25"]
[EventType "schev"]
[EventRounds "10"]
[EventCountry "CAN"]

1. e4 e6 2. d4 d5 3. e5 c5 4. c3 Nc6 5. Nf3 Qb6 6. a3 a5 7. Bd3 h6 8. O-O Bd7
9. Qe2 c4 10. Bc2 a4 11. Nbd2 Na5 12. Ne1 Ne7 13. f4 O-O-O 14. g4 Nb3 15. Nxb3
axb3 16. Bb1 g6 17. Ng2 h5 18. g5 h4 19. h3 Qa7 20. Be3 b5 21. Ne1 Nc6 22. Nf3
Kb7 23. Rd1 Ra8 24. Kg2 Qa5 25. Bf2 Be7 26. Bxh4 Qd8 27. Be1 Na7 28. Bd2 Nc8
29. Rh1 Nb6 30. Be1 Qf8 31. h4 Rh5 32. Nh2 Bc6 33. Nf1 Qh8 34. Kf3 Qh7 35. Qh2
Rh8 36. Kg4 Qg8 37. Qg2 Qh7 38. Qh2 Na8 39. Ng3 Nc7 40. Nxh5 Qxh5+ 41. Kg3 Ne8
42. Qf2 Ng7 43. Qf3 Qh7 44. Qg4 Nh5+ 45. Kf3 Ra8 46. Bd2 Bd7 47. Kf2 Qh8 48.
Qf3 Kc7 49. Rh2 Ra6 50. Ke3 Qa8 51. Rf2 Rb6 52. Rf1 Rb8 53. Qg4 Rh8 54. Rf2
1/2-1/2

[Event "Kitchener Futurity"]
[Site "Kitchener CAN"]
[Date "2003.08.01"]
[Round "9"]
[White "Day, Lawrence"]
[Black "Predescu, Sebastian"]
[Result "1/2-1/2"]
[WhiteElo "2294"]
[BlackElo "2161"]
[PlyCount "75"]
[EventDate "2003.07.25"]
[EventType "schev"]
[EventRounds "10"]
[EventCountry "CAN"]

1. e4 c5 2. Nf3 d6 3. c3 Nf6 4. Be2 Nc6 5. d3 e6 6. O-O Be7 7. Nbd2 O-O 8. Re1
d5 9. Bf1 b5 10. e5 Nd7 11. d4 b4 12. c4 Nb6 13. dxc5 Nxc4 14. Nxc4 dxc4 15.
Qxd8 Rxd8 16. Be3 Na5 17. Rac1 Ba6 18. Nd2 Rd5 19. Nxc4 Bxc4 20. Bxc4 Nxc4 21.
Rxc4 Rxe5 22. Rec1 a5 23. Kf1 Kf8 24. a3 bxa3 25. bxa3 Rd5 26. Rb1 Ke8 27. a4
Rc8 28. Rb5 Bd8 29. Ke2 Bc7 30. Bd2 Ra8 31. Rb7 Kd7 32. c6+ Kd8 33. Bf4 e5 34.
Bd2 Ra6 35. Rb5 Rd6 36. Rbc5 f6 37. g3 Kc8 38. Bc3 1/2-1/2

[Event "Kitchener Futurity"]
[Site "Kitchener CAN"]
[Date "2003.08.02"]
[Round "10"]
[White "Predescu, Sebastian"]
[Black "Hutters, Tomas"]
[Result "0-1"]
[WhiteElo "2161"]
[BlackElo "2400"]
[PlyCount "54"]
[EventDate "2003.07.25"]
[EventType "schev"]
[EventRounds "10"]
[EventCountry "CAN"]

1. e4 c5 2. Nf3 d6 3. d4 cxd4 4. Nxd4 Nf6 5. Nc3 e6 6. Bc4 Be7 7. Bb3 Na6 8. f4
Nc5 9. Qf3 O-O 10. O-O a6 11. Be3 Qc7 12. g4 b5 13. f5 b4 14. Na4 e5 15. Ne2
Nxa4 16. Bxa4 Bb7 17. Ng3 d5 18. Bb3 dxe4 19. Qe2 Bc5 20. g5 Bxe3+ 21. Qxe3 Ng4
22. Qe2 Qc5+ 23. Kh1 e3+ 24. Kg1 Nf2 25. h4 Qd4 26. Qc4 Qf4 27. Kh2 e4 0-1

[Event "Kuprejanov mem"]
[Site "Toronto CAN"]
[Date "2003.04.02"]
[Round "1"]
[White "Barron, Michael"]
[Black "Laughlin, Steve"]
[Result "1-0"]
[WhiteElo "2243"]
[BlackElo "1961"]
[PlyCount "111"]
[EventDate "2003.04.02"]
[EventType "tourn"]
[EventRounds "9"]
[EventCountry "CAN"]

1. e4 c5 2. Nf3 Nc6 3. d4 cxd4 4. Nxd4 Nf6 5. Nc3 e5 6. Ndb5 d6 7. Nd5 Nxd5 8.
exd5 Nb8 9. c4 a6 10. Nc3 Be7 11. Bd3 f5 12. f4 e4 13. Be2 Nd7 14. Be3 b6 15.
O-O O-O 16. b4 Bf6 17. Qb3 Rb8 18. Rac1 g5 19. g3 g4 20. h3 gxh3 21. Kf2 Bxc3
22. Qxc3 Nf6 23. Rh1 Ng4+ 24. Ke1 a5 25. a3 axb4 26. axb4 Qf6 27. Bd4 Qg6 28.
Ra1 h2 29. Ra7 Rb7 30. Ra8 Bd7 31. Qa3 Bc8 32. Qa6 Rb8 33. Qa7 Rxa8 34. Qxa8
Nf6 35. Qa3 b5 36. cxb5 e3 37. Qxe3 Nxd5 38. Qf3 Nxb4 39. Bb2 Re8 40. Rxh2 Nc2+
41. Kd2 Ne3 42. Qc6 Qf7 43. Qc3 Qd5+ 44. Kc1 Qc5 45. Rh5 Qxc3+ 46. Bxc3 Nd5 47.
Rg5+ Kf8 48. Bg7+ Ke7 49. Bf3 Ne3 50. Bd4 Nc4 51. Rg7+ Ke6 52. Rxh7 Bd7 53.
Rh6+ Ke7 54. Bf6+ Kf8 55. Bh5 Re1+ 56. Kc2 1-0

[Event "Kuprejanov mem"]
[Site "Toronto CAN"]
[Date "2003.04.02"]
[Round "1"]
[White "Haziprodromu, Sam"]
[Black "Bergeron, Florian"]
[Result "1/2-1/2"]
[WhiteElo "1943"]
[BlackElo "1843"]
[PlyCount "123"]
[EventDate "2003.04.02"]
[EventType "tourn"]
[EventRounds "9"]
[EventCountry "CAN"]

1. e4 c5 2. d4 cxd4 3. c3 dxc3 4. Nxc3 e6 5. Bc4 Bc5 6. Nf3 Ne7 7. O-O O-O 8.
Bf4 a6 9. Rc1 Nbc6 10. Bd6 Bxd6 11. Qxd6 Ng6 12. Rfd1 Qf6 13. Bb3 b5 14. Rd2
Na5 15. Rcd1 Nxb3 16. axb3 Qe7 17. Qxe7 Nxe7 18. Ne5 d5 19. exd5 exd5 20. Nxd5
Nxd5 21. Rxd5 Be6 22. R5d3 Rac8 23. h3 f6 24. Nf3 Bf5 25. Rd6 Ra8 26. Nd4 Bg6
27. b4 Rfd8 28. Nc6 Rxd6 29. Rxd6 Kf8 30. Na5 Bf7 31. Rb6 Bd5 32. Rd6 Be4 33.
Nb3 Bb7 34. Nc5 Bc8 35. Rd8+ Ke7 36. Rh8 h6 37. Rg8 Kf7 38. Rh8 Bb7 39. Rxa8
Bxa8 40. f3 Ke7 41. Kf2 Kd6 42. Nxa6 Bd5 43. Nc5 f5 44. Ke3 g5 45. g3 h5 46. f4
Bg2 47. h4 gxh4 48. gxh4 Kd5 49. b3 Bh1 50. Nd7 Ke6 51. Nb6 Kd6 52. Kd4 Bb7 53.
Nc4+ bxc4 54. bxc4 Be4 55. b5 Bc2 56. c5+ Kc7 57. Kd5 Be4+ 58. Ke5 Bd3 59. Kf6
Bxb5 60. Kxf5 Kc6 61. Kg6 Kxc5 62. Kxh5 1/2-1/2

[Event "Kuprejanov mem"]
[Site "Toronto CAN"]
[Date "2003.04.02"]
[Round "1"]
[White "Lucki, Arnie"]
[Black "Henry, Liam"]
[Result "0-1"]
[WhiteElo "2003"]
[BlackElo "1961"]
[PlyCount "62"]
[EventDate "2003.04.02"]
[EventType "tourn"]
[EventRounds "9"]
[EventCountry "CAN"]

1. e4 c5 2. c3 Nf6 3. e5 Nd5 4. Nf3 e6 5. Bc4 Nb6 6. Bb3 d6 7. d4 cxd4 8. cxd4
Be7 9. O-O O-O 10. Qe2 Nc6 11. Nc3 d5 12. Bf4 Bd7 13. Rac1 Rc8 14. Bc2 Nc4 15.
Bb1 b5 16. Qc2 g6 17. Bh6 Re8 18. Qe2 f6 19. b3 Na3 20. Nxd5 exd5 21. e6 Bd6
22. exd7 Rxe2 23. dxc8=Q Qxc8 24. Bd3 Rxa2 25. Rfe1 Qd7 26. Re3 Nb4 27. Rce1
Nxd3 28. Rxd3 Nc2 29. Rc1 Ra1 30. Rc3 Rxc1+ 31. Bxc1 Nb4 0-1